000 00564cam a22002053a 4500
001 37928
003 PGUSA
005 20140828083831.0
008 111105s2011||||xxu|||||s|||||000 | eng d
040 _aPGUSA
_beng
042 _adc
100 1 _aMerriman, Owen
245 1 0 _aGas Burners :
_bOld and New
_h[electronic resource] /
_cOwen Merriman
260 _bProject Gutenberg,
_c2011
506 _aPublic domain in the USA.
516 _aElectronic text
830 0 _aProject Gutenberg
_v37928
856 4 0 _uhttp://www.gutenberg.org/ebooks/37928
942 _cEB
999 _c267182
_d267182